1487 1175 1258 1607 1989 1691 1624 1330 1399 1792 1335 1962 1477 1860 1399 1524 1653 1398 1908 1594 1959 1653 1126 1347 1003 1665 1492 1179 1879 1814 1841 1163 1037 1405 1566 1841 1284 1107 1476 1938 1593 1818 1229 1052 1036 1386 1204 1370 1109 1187 1775 1200 1521 1471 1762 1476 1010 1440 1292 1348 1359 1205 1282 1807 1351 1068 1020 1185 1576 1539 1063 1693 1309 1314 1626 1929 1396 1549 1710 1071 1348 1186 1407 1911 1026 1320 1464 1165 1146 1374 1142 1757 1437 1216 1661 1207 1426 1378 1764 BCNSPRNW ULIB Ver.6.0+V

เปลี่ยนเป็นภาษาไทย

Change to English
 แสดงรายละเอียดบรรณานุกรม
  กลับหน้าหลัก

Brief Record : Get Marc (ISO 2709) : E-mail record : QR code < ปิดหน้าต่าง
LEADER : 00000nam 2200000uu 4500
001    13399110799
003     ULIB
008    110609s2550||||th 000 0 tha d
020    9789744140357
050  4 HD61^bอ954ร 2550
100 1  แอพการ์, เดวิด
245 10 รู้ทันความเสี่ยง =^bRisk intelligence /^cโดย David Apgar ;แปลและเรียบเรียงโดย วีรวุธ มาฆะศิรานนท์, ณัฐยา สินตระการผล
246 31 Risk intelligence
250    พิมพ์ครั้งที่ 1
260    กรุงเทพฯ :^bเอ็กซเปอร์เน็ท,^c2550
300    335 หน้า :^bภาพประกอบ ;^c24 ซม.
650  7 ความเสี่ยง
650  7 การบริหารความเสี่ยง
700 1  Apgar, David.^tRisk intelligence
700 0  วีรวุธ มาฆะศิรานนท์,^eผู้แปล
700 0  ณัฐยา สินตระการผล,^eผู้แปล
945    ^p310^l0^i18278
995    กัณชพร
999    ^aใช้งานได้ทุกระบบ
รายการนี้ยังไม่มีแท็ก
คุณยังไม่ได้ล็อกอิน คุณสามารถมีกิจกรรมร่วมกับเว็บไซต์ได้ แต่ต้องล็อกอินก่อน ::
  ล็อกอิน

รายการสื่อสารสนเทศ

ลำดับที่ ประเภท เลขเรียก/บาร์โค้ด สถานที่ สถานะ
- ไม่พบข้อมูล -

รายการใกล้เคียง
    ผู้แต่ง [แอพการ์, เดวิด]

    หัวเรื่อง [ความเสี่ยง]
    หัวเรื่อง [การบริหารความเสี่ยง]

BibComment


ยังไม่เคยถูกคอมเมนท์

คอมเมนท์ทรัพยากรรายการนี้
  คอมเมนท์: รู้ทันความเสี่ยง ..


 Copyright 2026. Bcnsprnw @Library